Non-Bordering Countries Closest to China - Statistics

General Stats
  • This quiz has been taken 3,625 times
  • The average score is 17 of 20
Answer Stats
km country miles % Correct
331 Japan 205
98%
263 South Korea 164
98%
1676 Indonesia 1041
95%
4 Taiwan 3
95%
1442 Malaysia 896
94%
437 Cambodia 271
91%
1127 Iran 700
90%
615 Turkmenistan 382
90%
108 Uzbekistan 67
90%
650 Philippines 404
89%
1958 Singapore 1217
89%
115 Thailand 71
88%
94 Bangladesh 58
84%
1574 Brunei 978
84%
2102 Sri Lanka 1306
84%
2305 Armenia 1433
74%
1980 Azerbaijan 1230
74%
2278 Georgia 1416
72%
2073 Oman 1288
53%
2124 United Arab Emirates 1320
51%
No matching quizzes found
Score Distribution
Percent of People with Each Score
Percentile by Number Answered
Your Score History
You have not taken this quiz